000 00446nam a22001697a 4500
003 OSt
005 20251031091245.0
008 251031b |||||||| |||| 00| 0 eng d
022 _a0040-5639
040 _dLC
100 _aFrancis J. Moloney, SDB
245 _aLOADER, WILLIAM:
_bJesus in John's Gospel
260 _aUSA,
_bSages Publications;
_c2018
300 _aP.183-185
440 _aTheological Studies
_nNo.1
_vVol.79
942 _2lcc
_cART
999 _c204997
_d204957